000 00535nam a2200205 u 4500
005 20220816152921.0
008 130619s2004 r 000 0 eng d
020 _a9701885333
035 _aUPN01000191650
049 _aCG
050 4 _aQA75
_bA2.2
245 0 4 _aLos ábacos :
_binstrumentos didácticos.
260 _aMéxico :
_bSEP,
_c[200-].
300 _a168 p. :
_bil.
440 0 _aEstrategias didácticas
650 7 _aÁbaco
_2
_948
650 4 _aINSTRUMENTOS MATEMATICOS
_97260
905 _aLibro
999 _c163753
_d163753